K historii KSČ na Novojičínsku. Sv. 2., Sborník materiálů k 50. výročí založení Komunistické strany Československa, květen 1971 /

Další autoři: Hanák, Jan, 1920-2010
Jazyk: Čeština
Vydáno: Nový Jičín : Okresní výbor KSČ, 1971
Fyzický popis: 88 s. ; 8°
Knihy
Uloženo v:
LEADER 01108nam a22002652a 4500
001 001343091
003 CZ BrMZK
005 20131107081436.0
007 ta
008 131107s1971 xr er|||||||||||cze d
015 |a cnb000431495 
035 |a (OCoLC)42175594 
040 |a ABA001  |b cze  |c ABA001  |d ABA001  |d BOA001 
080 9 |a 329(437).15(437.2-3 Nový Jičín)(091)"1921/1971"(082) 
245 0 0 |a K historii KSČ na Novojičínsku.  |n Sv. 2.,  |p Sborník materiálů k 50. výročí založení Komunistické strany Československa, květen 1971 /  |c do tisku připravil autorský kolektiv Jan Hanák ... [et al.] 
246 3 0 |a Sborník materiálů k 50. výročí založení Komunistické strany Československa, květen 1971 
260 |a Nový Jičín :  |b Okresní výbor KSČ,  |c 1971 
300 |a 88 s. ;  |c 8° 
500 |a Obálka: Vlastimil Holub 
500 |a 1500 výt. 
700 1 |a Hanák, Jan,  |d 1920-2010  |7 jk01033347  |4 aut 
910 |a BOA001  |b 2-0558.025,2 
990 |a BK 
991 |b 201311 
996 7 |b 2619026752  |c 2-0558.025,2  |l Sklad H1  |r Sklad / do 24 hodin  |n 2  |h HS212  |w 001377867  |u 000010  |a 1  |e BOA001  |j MZK50  |s A